000 00424nam a22001577a 4500
003 NUST
038 _aSaba
082 _a004
_bMCS
100 _aSami, Sadia
_935203
245 _aIdentity Based Encryption for Secure Email
_cSadia Sami
260 _aIslamabad :
_bMCS-NUST,
_c2016.
300 _a58p.
_c30cm
650 _aInformation Security - Secure Email
_935204
700 _aDr. Mehreen Afzal
_921569
942 _2ddc
_cTHE
999 _c540917
_d540917